Bienvenue à la Médiathèque de Saint-Andiol
banniere
Accueil Recherche avancée Mon compte
handi1 Rechercher dans le catalogue

Filtre   Mots-clés
  Recherche avancée
 
Lister les dernières nouveautés
 
Lister les livres GROS CARACTERES
 
Lister les périodiques (magazines)

handi1 Je te retrouverai

Book Cover
Auteur principal : Audrey Alwett
Autres auteurs : Nora Moretti
Titre : Je te retrouverai
Support : Livres
Langue : Francais
Publié : 2018 Soleil Toulon
Series : Princesse Sara
Genre : Bande Dessinée (enfants)
Collection : Blackberry
Sujets :
Étiquettes :
Pas de tags
LEADER 01178nam0a2200229 450
001 16847361
010 |a 978-2-302-07108-7  |b rel.  |d 10,95 € 
100 |a 20181127d2018 u u0frey01 ba 
101 0 |a fre 
102 |a FR 
200 0 |a Je te retrouverai  |f scénario, Audrey Alwett  |g dessin, Nora Moretti - couleurs, Marina Duclos 
207 1 |a   
210 |a Toulon  |c Soleil  |d 2018 
215 |a 1 vol. (42 p.)  |c ill. en coul.  |d 30 cm 
225 1 |a Blackberry  |v 11 
330 |a Sara est contrainte de travailler à la conception d'automates dans le sous-marin de Larcan, le machiavélique membre du Club des automates. Elle ne peut voir son fiancé, James, que lors d'une partie d'échecs vespérale où Larcan le ridiculise systématiquement. Confinés dans un huis clos insupportable, les deux amoureux n'ont que peu de temps pour s'échapper, car la blessure de James semble empirer chaque jour... 
461 0 |t Princesse Sara  |v 11 
700 0 |a Alwett  |b Audrey  |f 1982-....  |4 70 
702 0 |a Moretti  |b Nora  |f 1980-....  |4 440 
900 |a Bande Dessinée (enfants) 
901 |a Jeunesse 
995 |a Médiathèque  |c Médiathèque  |f 089016470  |h 089016470  |k BD PRI T.11  |o p  |q j  |r az  |e Médiathèque